Unthinking the unthinkable : nuclear weapons and western culture /

Bibliographic Details
Main Author: Smith, Jeff, 1958-
Format: Book
Language:English
Published: Bloomington : Indiana University Press, [1989]
Subjects:

MARC

Tag First Indicator Second Indicator Subfields
LEADER 00000cam a2200000 a 4500
001 in00000784591
005 20151017061757.0
008 880912s1989 inu b s00110 eng
010 |a  88045458  
020 |a 025335353X :  |c $25.00 
035 |a (OCoLC)18559133 
035 |9 ADM7612AM 
040 |a DLC  |c DLC  |d TXA  |d UtOrBLW 
043 |a n-us--- 
049 |a TXAM  |c [A11884595] 
050 0 0 |a U264  |b .S585 1989 
082 0 |a 355/.0217  |2 19 
100 1 |a Smith, Jeff,  |d 1958- 
245 1 0 |a Unthinking the unthinkable :  |b nuclear weapons and western culture /  |c Jeff Smith. 
264 1 |a Bloomington :  |b Indiana University Press,  |c [1989] 
264 4 |c ©1989 
300 |a xvi, 190 pages ;  |c 24 cm. 
336 |a text  |b txt  |2 rdacontent 
337 |a unmediated  |b n  |2 rdamedia 
338 |a volume  |b nc  |2 rdacarrier 
504 |a Bibliography: pages 179-183. 
500 |a Includes index. 
650 0 |a Nuclear weapons  |x Social aspects  |z United States. 
650 0 |a Nuclear warfare  |x Social aspects  |z United States. 
650 0 |a Antinuclear movement  |z United States. 
651 0 |a United States  |x Civilization. 
650 0 |a Criticism. 
999 |a MARS 
999 f f |s 5d777b33-697e-3593-a0ca-9cba5e199e04  |i fe275446-c0e7-30c7-ac55-7e552644f44a  |t 0 
952 f f |p normal  |a Texas A&M University  |b College Station  |c Sterling C. Evans Library  |d Evans: Library Stacks  |t 0  |e U264 .S585 1989  |h Library of Congress classification  |i unmediated -- volume  |m A14811884595 
998 f f |a U264 .S585 1989  |t 0  |l Evans: Library Stacks